Normal view
MARC view
- Palestine
Entry Geographic Name
001 - CONTROL NUMBER
- control field: 6600
003 - CONTROL NUMBER IDENTIFIER
- control field: NUST
005 - DATE AND TIME OF LATEST TRANSACTION
- control field: 20171121152902.0
008 - FIXED-LENGTH DATA ELEMENTS
- fixed length control field: 171121|| aca||aabn | a|a d
040 ## - CATALOGING SOURCE
- Original cataloging agency: NUST
- Transcribing agency: NUST
151 ## - HEADING--GEOGRAPHIC NAME
- Geographic name: Palestine
- General subdivision: History.
670 ## - SOURCE DATA FOUND
- Source citation: Work cat.: (NUST)0: Salahuddin, Iftikhar, author. 6599, Jerusalem :
